000 00481nam a2200169 a 4500
005 20140412111426.0
008 090626s19uu xx 00 eng d
020 _a0-439-11639-2
050 _aTR(GS 372.41
_bSc8 2000
100 _aSchulman, Mary Browning
245 _aGuided Reading: Making it work. /
_cMary B. Schulman.
260 _aU.S.A :
_bScholastic,
_c2000.
300 _a272p.
440 _aScholastic reading strategies
500 _aGrades K - 3
999 _c106232
_d106232